000 00430nam a22001697a 4500
005 20181016143335.0
008 160524b xxu||||| |||| 00| 0 eng d
020 _a81-203-2253-3
041 _aeng
082 _b4482
_a658.403
100 _aKelkar, S.A.
_91050
245 _aManagement Information Systems
260 _aNew Delhi
_bAcademic Faundation
300 _a252p,
650 _aInformation Technology
_9137
942 _cBK
999 _c1506
_d1506